| 000 | 02038cam a22005894i 4500 | ||
|---|---|---|---|
| 003 | PE-LiUPU | ||
| 005 | 20250731170356.0 | ||
| 008 | 150617s r 000 0 d | ||
| 020 | _a9681818660 | ||
| 035 | _a(Sirsi) i9789681818661 | ||
| 040 |
_aPE-LiUPU _bspa _cPE-LiUPU _erda |
||
| 049 | _aPRUA | ||
| 082 | 0 | 4 |
_a155.4 _bM56 _221 |
| 100 | 1 |
_aMifsud, Tony, _eautor. |
|
| 245 | 1 | 3 |
_aEl pensamiento de Jean Piaget sobre la psicología moral : _bpresentación crítica / _cTony Mifsud. |
| 264 | 1 |
_aMéxico : _bEditorial Limusa, _c1985. |
|
| 300 |
_a113 páginas ; _c23 centímetros. |
||
| 336 |
_atext _2rdacontent |
||
| 337 |
_aunmediated _2rdamedia |
||
| 338 |
_avolume _2rdacarrier |
||
| 504 | _aIncluye bibliografía. | ||
| 505 | 0 | _aExposición del pensamiento de Piaget -- El hombre y su obra -- La epistemología genética Aplicación pedagógica de la psicología cogniscitiva de Piaget -- El estudio de Piaget sobre el criterio moral en el niño -- Desde la psicología -- Desde los estudios sobre el desarrollo moral -- Apreciación crítica personal. | |
| 526 | _aSEG68 | ||
| 526 | _aSEG70 | ||
| 526 | _aSEG69 | ||
| 526 | _aSEG67 | ||
| 526 | _aSEG43 | ||
| 526 | _aP144 | ||
| 526 | _aP143 | ||
| 526 | _aP131 | ||
| 526 | _aP122 | ||
| 526 | _aP120 | ||
| 526 | _aP117 | ||
| 526 | _aP112 | ||
| 526 | _aP110 | ||
| 526 | _aP106 | ||
| 526 | _aP101 | ||
| 526 | _aP80 | ||
| 526 | _aP59 | ||
| 526 | _aP54 | ||
| 526 | _aP35 | ||
| 526 | _aP33 | ||
| 526 | _aP30 | ||
| 650 | 0 | 4 | _aPSICOLOGÍA EVOLUTIVA. |
| 910 |
_ajck _bjvq _cjck _d20150616 |
||
| 942 |
_2ddc _cBOOK |
||
| 949 |
_a155.4 M56 _wDEWEY _c1 _i29168 _d2016-11-11 _e2016-11-8 _lCCODEBUL1 _mBUL _n5 _r0 _sY _tBOOK _u2015-6-17 _xSALUD _zUNKNOWN _0COMPRA _o.STAFF. Colección General |
||
| 994 |
_aC0 _bPEPRU |
||
| 596 | _a1 | ||
| 999 |
_a155.4 M56 _wDEWEY _c244 _i29168 _d244 _e2019-5-7 _f2021-11-9 _g5 _lCCODEBUL1 _mBUL _n6 _r0 _sY _tBOOK _u2015-6-17 _xSALUD _zUNKNOWN _0COMPRA _o.STAFF. Colección General |
||
| 980 |
_81 _gALBERTO SANCHEZ Responsable de Automatización |
||